INFORME FINAL DEL EJERCICIO PROFESIONAL SUPERVISADO, DISEÑO Y PLANIFICACIÓN DE CENTRO DE ATENCIÓN PARA VÍCTIMAS DE LA VIOLENCIA INTRAFAMILIAR EN ÁREA URBANA Y SISTEMA DE AGUA POTABLE CON PERFORACIÓN DE POZO ALDEA SEMOX SETINTA, CHISEC, ALTA VERAPAZ./ (Registro nro. 2061)

Detalles MARC
000 -LEADER
campo de control de longitud fija 03059nam a22003377a 4500
001 - NÚMERO DE CONTROL
campo de control TIC 0028
003 - IDENTIFICADOR DE NÚMERO DE CONTROL
campo de control gtcocun
005 - FECHA Y HORA DE LA ÚLTIMA TRANSACCIÓN
campo de control 20250922190229.0
006 - CÓDIGOS DE INFORMACIÓN DE LONGITUD FIJA--CARACTERÍSTICAS DEL MATERIAL ADICIONAL
campo de control de longitud fija a||||gr|||| 00| 0
007 - CAMPO FIJO DE DESCRIPCIÓN FÍSICA--INFORMACIÓN GENERAL
campo de control de longitud fija ta
008 - DATOS DE LONGITUD FIJA--INFORMACIÓN GENERAL
campo de control de longitud fija 250922b2023 gt ||||| m||| 00| 0 eng d
040 ## - FUENTE DE CATALOGACIÓN
Centro catalogador/agencia de origen gtcocun
Lengua de catalogación SPA
Centro/agencia transcriptor gtcocun
Normas de descripción RDA
041 ## - CÓDIGO DE IDIOMA
Código de lengua del texto/banda sonora o título independiente SPA TIC 0028
084 ## - OTRO NÚMERO DE CLASIFICACIÓN
Número de control del registro de autoridad o número normalizado TIC 0028
100 ## - ENTRADA PRINCIPAL--NOMBRE DE PERSONA
Nombre de persona Tení Caal, Wilmer Daniel
Término indicativo de función/relación Autor
245 ## - MENCIÓN DEL TÍTULO
Título INFORME FINAL DEL EJERCICIO PROFESIONAL SUPERVISADO, DISEÑO Y PLANIFICACIÓN DE CENTRO DE ATENCIÓN PARA VÍCTIMAS DE LA VIOLENCIA INTRAFAMILIAR EN ÁREA URBANA Y SISTEMA DE AGUA POTABLE CON PERFORACIÓN DE POZO ALDEA SEMOX SETINTA, CHISEC, ALTA VERAPAZ./
Mención de responsabilidad, etc. Wilmer Daniel Tení Caal.
Medio Impreso
264 ## - PRODUCCIÓN, PUBLICACIÓN, DISTRIBUCIÓN, FABRICACIÓN Y COPYRIGHT
Producción, publicación, distribución, fabricación y copyright Cobán, Alta Verapaz:
Nombre del de productor, editor, distribuidor, fabricante Universidad de San Carlos de Guatemala, Centro Universitario del Norte, Ingeniería Civil
Fecha de producción, publicación, distribución, fabricación o copyright 2023
300 ## - DESCRIPCIÓN FÍSICA
Extensión 323 p.:
Otras características físicas Ilustraciones, gráficas.
Dimensiones 28 cm;
300 ## - DESCRIPCIÓN FÍSICA
Dimensiones PDF
336 ## - TIPO DE CONTENIDO
Fuente rdacontenido
Término de tipo de contenido Texto
Código de tipo de contenido txt
337 ## - TIPO DE MEDIO
Fuente rdamedio
Nombre/término del tipo de medio Computadora
Código del tipo de medio n
338 ## - TIPO DE SOPORTE
Fuente rdasoporte
Nombre/término del tipo de soporte Código en línea
Código del tipo de soporte cr
502 ## - NOTA DE TESIS
identificador de la tesis TIC 0028
502 ## - NOTA DE TESIS
Nota de tesis Tesis de grado
Tipo de título Ingeniería Civil,
Nombre de la institución que otorga el título Universidad de San Carlos de Guatemala, Centro Universitario del Norte, Ingeniería Civil
Año de obtención del título 2023
Identificador de la tesis TIC 0028
520 14 - RESUMEN, ETC.
Sumario, etc. El ejercicio Profesional Supervisado EPS es una actividad práctica con duración de ocho meses en el cual se realizan actividades de diagnóstico comunitario, diseño y planificación de proyectos de obra civil, además de asistencia técnica en donde el preprofesional aplica los conocimientos obtenidos durante su formación académica como<br/>estudiante de la carrera de Ingeniería Civil.<br/>El diagnóstico comunitario se lleva a cabo con información proporcionada por las<br/>dependencias municipales de la Dirección Municipal de Planificación DMP y Dirección<br/>Municipal de la Mujer DMM, mediante el análisis de la información, se determinó que la aldea Semox Setinta y el barrio Monja Blanca del caso urbano son áreas que carecen de bras que impulsen el desarrollo social y económico de las comunidades.<br/>Se decide apoyar con el diseño y planificación de dos obras civiles, donde se elaboró el plan de trabajo y se establecieron los objetivos, justificación, la estructuración del marco teórico y cronograma de actividades para cumplir con la entrega de productos.<br/>En fase de ejecución se realiza el diseño y planificación de un edificio de dos niveles<br/>para el barrio Monja Blanca del casco urbano y un sistema de abastecimiento de agua con perforación de pozo para la aldea Semox Setinta, el diseño se basó en las normas de construcción y acueductos rurales respectivamente que rigen en el territorio nacional.
650 14 - PUNTO DE ACCESO ADICIONAL DE MATERIA--TÉRMINO DE MATERIA
Fuente del encabezamiento o término LEMB
Término de materia o nombre geográfico como elemento de entrada Chisec, Alta Verapaz.
Subdivisión general Ingeniería
-- Análisis
-- Obra
-- Planificación
-- Ejecución
-- Diagnóstico
700 ## - ENTRADA AGREGADA--NOMBRE PERSONAL
Nombre de persona Inga. Sindry Yaneth Pacay Morales
Término indicativo de función/relación Asesor
856 ## - LOCALIZACIÓN Y ACCESO ELECTRÓNICOS
Identificador Uniforme de Recurso <a href="https://drive.google.com/file/d/16awTJt4tecJLqSW78SsUipTa1UOQBt7c/view">https://drive.google.com/file/d/16awTJt4tecJLqSW78SsUipTa1UOQBt7c/view</a>
Texto de enlace PDF
Nota pública Un ejemplar en línea.
942 ## - ELEMENTOS DE ENTRADA SECUNDARIOS (KOHA)
Fuente de la clasificación o esquema de estantería Clasificación Decimal Dewey
Tipo de ítem Koha TESIS
Parte de la signatura que identifica el ejemplar (Parte del ítem) TIC 0028
Prefijo de la signatura Clasificación
Suprimir en OPAC No
-- TIC_0028_000000000000000
Existencias
Estatus retirado Estado de pérdida Fuente de la clasificación o esquema de estantería Estado de daño No para préstamo Colección Biblioteca de origen Biblioteca actual Ubicación en estantería Fecha de adquisición Número de inventario Total de préstamos Signatura topográfica completa Código de barras Visto por última vez Precio de reemplazo Tipo de ítem Koha
    Clasificación Decimal Dewey     tesis BIBLIOTECA- CUNOR -JOSÉ LUIS GONZALES ROSALES BIBLIOTECA- CUNOR -JOSÉ LUIS GONZALES ROSALES Colección tesis 16/09/2025 TIC 0028   TIC 0028 TIC 0028 16/09/2025 16/09/2025 TESIS